000 00947naa a2200253 4500
005 20090606134452.0
008 090606t xxu||||| |||| 00| 0 eng d
010 _aENG-93928
020 _c250.00
_a9788189632236
020 _c250.00
_a818963223X
035 _aEN-77461
037 _bDBAD / PUB
040 _adpl
_bEnglish
082 _a616.002
100 _aDobson, Roger
245 _aDeath can be cured:
_cby Roger Dobson
_band 99 other medical hypotheses /
260 _aNew Delhi
_bStanza
_c2008
270 _a22-C, Pocket-C Siddhartha Extension
_bNew Delhi
_e110014
300 _axiii, 208p.
_c21cm(pbk)
500 _aIncludes bibliograpgical refrences
650 _aHealth
_vMiscellanea
942 _adpl
_cEN
_2ddc
_mDOB
_h616.002
999 _c27297
_d27297